000 00284nam a22001337a 4500
008 170712b xxu||||| |||| 00| 0 eng d
020 _a0671504037
041 _aeng
080 _a038
100 _a23
101 _aFJA
245 _aWEBSTER'S NEWWORLD
_cKENT, R.K
942 _2udc
_cBK
999 _c20268
_d20268